banner-ar

الفكر التاريخى عند الاغريق / (Record no. 40755)

MARC details
000 -الفاتح
حقل البيانات ثابتة الطول 00969nam a2200241Ia 4500
005 - وقت وتاريخ اخر تعامل مع التسجيلة
رقم الضبط 20240530103552.0
008 - عناصر البيانات ثابتة الطول - معلومات عامة
حقل البيانات ثابتة الطول 140319s1966 ua 000 0 ara d
040 ## - مصدر الفهرسة
وكالة الفهرسة الأصلية GCL /
وكالة النسخ GCL
082 04 - رقم تصنيف ديوى العشرى
رقم التصنيف 937/
رقم المادة ت ف
100 1# - المدخل الرئيسى - إسم شخصى
الإسم الشخصى توينبى، ارنولد
245 12 - بيان العنوان
العنوان الفكر التاريخى عند الاغريق /
بيان المسئوليه,etc تاليف ارنولد توينبى ؛ ترجمة لمعى المطيعى ؛ مراجعة محمد صقر خفاجة
260 ## - PUBLICATION, DISTRIBUTION, ETC. (IMPRINT)
تاريخ النشر أو التوزيع 1966.
300 ## - الوصف المادى
التعداد 258 ص. ؛
أبعاد الوعاء 24 سم.
490 #0 - بيان السلسلة
عنوان السلسلة الالف كتاب ؛
رقم المجلد/ التعيين التسلسلي 567.
650 07 - المدخل الاضافى بالموضوع-مصطلح موضوعى
مصدر الرأس أو المصطلح qrmak
مصطلح موضوعي الروم
650 07 - المدخل الاضافى بالموضوع-مصطلح موضوعى
مصدر الرأس أو المصطلح qrmak
مصطلح موضوعي اليونانيون
651 07 - المدخل الاضافى بالموضوع - اسم جغرافى
مصدر الرأس أو المصطلح qrmak
الاسم الجغرافي اليونان القديمة
651 07 - المدخل الاضافى بالموضوع - اسم جغرافى
مصدر الرأس أو المصطلح qrmak
الاسم الجغرافي الامبراطورية الرومانية
التقسيم الفرعي العام الاحوال الثقافية
700 0# - المدخل الاضافى - اسم شخصى
الإسم الشخصى لمعى المطيعى
الدور مترجم
700 0# - المدخل الاضافى - اسم شخصى
الإسم الشخصى محمد صقر خفاجة
الدور مراجع
942 ## - عناصر المدخل الإضافي( كوها)
مصدر التصنيف او مخطط الترفيف Dewey Decimal Classification
Koha [default] item type كتاب
260 ## - PUBLICATION, DISTRIBUTION, ETC. (IMPRINT)
-- القاهرة :
-- مكتبة الانجلو المصرية،
Holdings
حالة التراجع حالة الفقد حالة تلف ليس للاعارة المكان المؤقت الموقع الحالى تاريخ الاكتساب اجمالي اﻻعارات رقم الطلب الباركود تاريخ اخر مشاهدة تاريخ تفعيل السعر نوع وعاء كوها
        مكتبة القاهرة الكبرى مكتبة القاهرة الكبرى 03/26/2014   937\ت ف 98454 03/26/2014 03/26/2014 كتاب
        مكتبة القاهرة الكبرى مكتبة القاهرة الكبرى 03/26/2014   937\ت ف 98455 03/26/2014 03/26/2014 كتاب

Powered By

EGPV